Online Catalogue and eLibrary

The karava of Ceylon : (Record no. 1971)

MARC details
000 -LEADER
fixed length control field 00234nam a2200097Ia 4500
008 - FIXED-LENGTH DATA ELEMENTS--GENERAL INFORMATION
fixed length control field 240331s9999 xx 000 0 und d
082 ## - DDC Classification
Item Number - Author Mark RAG
100 ## - MAIN ENTRY--PERSONAL NAME
Personal name Raghavan, M.D
245 #4 - TITLE STATEMENT
Title The karava of Ceylon :
Remainder of title society and culture
942 ## - Koha item type (Biblio)
Koha item type Books in Stacks (Lending)

No items available.

© WERC Library